Statistiques concernant Spirou - Survol de la série

Cliquez ici pour prendre le quiz!

Statistiques générales

  • Ce quiz a été pris 22 fois
  • Le résultat moyen est 19 sur 35

Statistiques - réponses

IndiceRéponse% Correct
2Son acolyte journalisteFantasio
100%
14Un animal à la très longue queueMarsupilami
94%
4Un petit village où vit le ComteChampignac
88%
1Le premier métier de Spirougroom
88%
34Cri du MarsupilamiHouba Houba
88%
17Un petit animal gourmand et râleurSpip
88%
12Un savant fou très inventif et souvent malfaisantZorglub
88%
3Le cousin criminel et dictateurZantafio
82%
22Auteur le plus connuAndré Franquin
76%
15Le pays dont cet animal est originairePalombie
76%
19Symbole breton de la mortAnkou
71%
6Le sujet de recherche préférentiel du Comteles champignons
71%
30Journaliste futée mais énervanteSeccotine
65%
25Malfaiteur mafieux malchanceuxDon Vito Cortizone
59%
24Autres auteurs plus tardifsFournier - Tome - Janry
53%
9Un personnage qui aime les discours longs et pompeuxMaire de Champignac
53%
16Son mode de reproductionovipare
53%
5Un des prénoms du comtePacôme, Hégesippe, Adelard, Ladislas
53%
33Quelle voiture de course se voient-ils offrir ?La turbotraction
47%
31Pays dont le roi est en dangerBretzelburg
41%
35Dans quel journal travaille Spirou ?Le Moustique
41%
18De quoi y a-t-il partout ?haricots
35%
29Un malfaiteur sous-marinLa Murène
35%
32De quand provient l'étrange voyageur ?Mesozoïque
35%
26Une pierre précieuse extraite en Australieopale
35%
7Un produit qui rend très fortX1
35%
13Une invention qui abolit la volontézorglonde
35%
11Villageois souvent ivreDupilon
29%
20Un parc africainNiokolo-Koba
29%
21Une vieille voiture très rapideNoémie
29%
23Créateur de la sérieRob Vel
29%
28Un association de malfaiteursTriangle
29%
8Un produit qui fait vieillirX2
29%
10Le secrétaire de mairieDuplumier
24%
27Deux savants chercheurs amis du ComteBlack et Schwartz
12%

Distribution des résultats

Percentile par nombre de réponses

% des personnes avec chaque résultat

Votre développement - résultats

Vous n’avez pas pris ce quiz